000 00525nam a2200157 a 4500
001 000047404
005 20201002060525.0
008 180515s2004 dr a 000 0 spa d
020 _a9945400177
040 _aDO-SdBNP
_bspa
_cBNPHU
100 1 _aCuello del Orbe, Elisa Ysabel
_974001
245 0 _aEducación sexual 4 :
_bsegundo coclo; educación media /
_cElisa Ysabel Cuello del Orbe.
260 _aSanto Domingo, :
_bActualidad Escolar 2000,
_c[20--].
300 _a96p. :
_bil. ;
_c28 cm.
590 _aInventariado, 2018/MFF
999 _c46892
_d46892